Uj pénzintézet Rozsnyón

Od 1.04.1912 má zahájiť svoju činnosť nový peňažný ústav v Rožňave - Slanskodolinská sporiteľňa. Vo vedení ústavu sú: Ľudovít (Lajos) Rakossy, Gustáv (Gusztáv) Specián, Dr. Michal (Mihály) Gotthilf.

Podrobná bibliografia
Médium: Článok
Jazyk:Hungarian
Témy:
Zdroj: 1. Sajó-Vidék : Vegyestartalmú hetilap 1. Roč. 15, č. 4 (25.01.1912) s. 3
LEADER 01144nab#a2200301#ar4500
001 000066913
003 SVKKK
005 19971229xxxxxxx.
008 06 c xo huno
FMT
038 |a SVKKK 
040 |a SVKKK  |b slo  |e AACR2 
041 0 |a hun 
044 |a xo  |c SK 
080 |a 336.7 
242 1 0 |a Nový peňažný ústav v Rožňave 
245 0 0 |a Uj pénzintézet Rozsnyón 
520 2 |a Od 1.04.1912 má zahájiť svoju činnosť nový peňažný ústav v Rožňave - Slanskodolinská sporiteľňa. Vo vedení ústavu sú: Ľudovít (Lajos) Rakossy, Gustáv (Gusztáv) Specián, Dr. Michal (Mihály) Gotthilf. 
650 0 4 |a Sajóvölgyi Takarékpénztár, Rozsnyó pozri Slanskodolinská sporiteľňa, Rožňava 
650 0 4 |a Slanskodolinská banka, Rožňava - Rakossy, Ľudovít - Specián, Gustáv - Gotthilf, Michal - členovia zakladajúci - 1.04.1912 - otvorenie plánované - správa 
773 0 |t Sajó-Vidék : Vegyestartalmú hetilap  |g Roč. 15, č. 4 (25.01.1912) s. 3 
957 |a Rožňava 
958 |a DG 
958 |a SK 
974 |a ebl  |d 19971229 
992 |a RBX 
BAS
998 |a RETRO